000
00360nam a2200169Ia 4500
008
210210b1666 xxu||||| |||| 00| 0 eng d
041
_a
eng
082
_a
444/497
100
_a
MOLIERE
245
_a
Theatre complet I-II
260
_a
Paris
_b
-
_c
1666
650
_a
Theatre
650
_a
I-II
650
_a
complet
690
_a
French
906
_a
006691
999
_c
129681
_d
129681